Hospodársky vývoj evokuje k optimizmu
Predpokladaný rast svetovej ekonomiky v r. 1995 a 1996. Prognóza hlavných hospodárskych ukazovateľov vo vybraných krajinách.
Saved in:
| Format: | Book Chapter |
|---|---|
| Language: | Slovak |
| Subjects: | |
| Tags: |
No Tags, Be the first to tag this record!
|
MARC
| LEADER | 00000naa a2200000 4500 | ||
|---|---|---|---|
| 001 | r018512 | ||
| 005 | 20221205101830.7 | ||
| 041 | 0 | |a slo | |
| 044 | |a SK | ||
| 245 | 1 | 0 | |a Hospodársky vývoj evokuje k optimizmu |
| 520 | |a Predpokladaný rast svetovej ekonomiky v r. 1995 a 1996. Prognóza hlavných hospodárskych ukazovateľov vo vybraných krajinách. | ||
| 610 | 2 | 0 | |a hospodárstvo svetové |
| 610 | 2 | 0 | |a rast hospodársky |
| 610 | 2 | 0 | |a 1995 |
| 610 | 2 | 0 | |a 1996 |
| 610 | 2 | 0 | |a prognózy hospodárske |
| 610 | 2 | 0 | |a ukazovatele ekonomické |